000
00257nam a2200097Ia 4500
008
220204s9999 xx 000 0 und d
082
_a
NR:016 1967
_b
ACS
245
0
_a
1967 Bibliography of rubber literature.1967, 1969-1971
260
_a
Ohio
_b
ACS
942
_c
BK
999
_c
43360
_d
43360